000 00754cam a2200277 4500
001 M1423
008 090401t1992 xxu||||| |||| 00| 0 eng d
035 _a(Sirsi) u31869
041 _aeng
050 _a333.335076
090 _aRICS 1992/86A
110 _aRoyal Institution of Chartered Surveyors
_94900
245 _aEmployers` guide to the Assessment of Professional Competence: rural practice, June 1991 (revised October 1992)
260 _aLondon
_bRICS
_c1992
300 _a8p. ; 30cm.
350 _a0
520 _aCover title.
650 _aAPC
_96216
650 _aAPC
_96216
650 _aEMPLOYERS GUIDE
650 _aLAND AGENCY
650 _aRURAL PRACTICE
690 _aRURAL PRACTICE
942 _n0
948 _c04/03/1997
999 _c89639
_d89639